[Event "ROM-ch U16 Girls"]
[Site "Calimanesti"]
[Date "2018.04.01"]
[Round "7"]
[White "Hristea, Andreea Beatrice"]
[Black "Craiu, Elena Diana"]
[Result "1-0"]
[WhiteElo "1119"]
[BlackElo "1001"]
[PlyCount "55"]
[EventDate "2018.03.27"]
[EventType "swiss"]
[EventRounds "9"]
[EventCountry "ROU"]
[SourceTitle "CBM 183 Extra"]
[Source "ChessBase"]
[SourceDate "2018.04.19"]
[SourceVersion "1"]
[SourceVersionDate "2018.04.19"]
[SourceQuality "1"]

1. e4 e5 2. Nf3 Nc6 3. Bc4 d6 4. d3 Be7 5. Nc3 Na5 6. Bb3 Nxb3 7. axb3 Nf6 8. Be3 0-0 9. h3 Nd7 10. 0-0 Nb8 11. Bxa7 Nc6 12. Be3 Na7 13. Bxa7 c5 14. Nd5 Be6 15. Bb6 Qc8 16. Nxe7+ Kh8 17. Nxc8 Raxc8 18. Ng5 f6 19. Nxe6 Rfe8 20. Nc7 Re7 21. Qg4 f5 22. Qxf5 g6 23. Qxc8+ Kg7 24. Ne8+ Kh6 25. Nxd6 Rg7 26. Ra7 Kh5 27. Qg4+ Kh6 28. Qh4# 1-0